Illumination and color in computer generated imagery /

Bibliographic Details
Main Author: Hall, Roy
Format: Book
Language:English
Published: New York : Springer-Verlag, [1989]
Series:Monographs in visual communication.
Subjects:

MARC

Tag First Indicator Second Indicator Subfields
LEADER 00000cam a2200000 a 4500
001 in00000770607
005 20151017053059.0
008 880707s1989 nyua b 00110 eng
010 |a  88020102  
020 |a 0387967745 (alk. paper) 
035 |a (OCoLC)18256736 
035 |9 ADL2997AM 
040 |a DLC  |c DLC  |d TXA  |d UtOrBLW 
049 |a TXAM  |c [A11762400] 
050 0 0 |a T385  |b .H327 1989 
082 0 |a 006.6  |2 19 
100 1 |a Hall, Roy. 
245 1 0 |a Illumination and color in computer generated imagery /  |c Roy Hall. 
264 1 |a New York :  |b Springer-Verlag,  |c [1989] 
264 4 |c ©1989 
300 |a xi, 282 pages :  |b illustrations (some color) ;  |c 25 cm. 
336 |a text  |b txt  |2 rdacontent 
337 |a unmediated  |b n  |2 rdamedia 
338 |a volume  |b nc  |2 rdacarrier 
490 1 |a Monographs in visual communication 
504 |a Bibliography: pages [271]-277. 
500 |a Includes index. 
650 0 |a Color computer graphics. 
830 0 |a Monographs in visual communication. 
999 |a MARS 
999 f f |s 851f861c-b3dd-305b-aae3-680d0b6e0d44  |i 2061571f-f1d2-3135-8917-68499a7db135  |t 0 
952 f f |p ric  |a Texas A&M University  |b Rellis Campus  |c Joint Library Facility  |d Remote Storage  |t 0  |e T385 .H327 1989  |h Library of Congress classification  |i unmediated -- volume  |m A14811762400 
998 f f |a T385 .H327 1989  |t 0  |l Remote Storage